000 00596nam a2200217Ii 4500
001 13970
003 CO-ViMGA
008 241108s9999||||xx |||||||||||||| ||und||
020 _a8478615004
040 _aCO-ViMGA
_bspa
_erda
_cCO-ViMGA
041 0 _aspa
084 _aC HEI
100 1 _aColette Hellings
_945809
245 1 0 _aEl abuelo de tom ha muerto
264 1 _aMadrid, EspaƱa : Combel, 2003
300 _avolumen
336 _atext
_btxt
_2rdacontent
337 _aunmediated
_bn
_2rdamedia
338 _avolume
_bnc
_2rdacarrier
940 _aidficha_siabuc: 13668. -- ficha_no_siabuc:13970
999 _c40340
_d40340